| 000 | 00950nas a2200313 4500 | ||
|---|---|---|---|
| 001 | BR9703146 | ||
| 003 | BR-BrBNA | ||
| 005 | 20231205100304.0 | ||
| 007 | ta | ||
| 008 | 230509b bl.|||p| |||| 00| 00por d | ||
| 040 |
_aBR-BrBNA _bpor _cBiblioteca Nacional de Agricultura |
||
| 041 | _a(Pt) | ||
| 072 | _aQ03; J01 | ||
| 100 | 1 | _aMoreira, L.F. | |
| 100 | 1 | _aOliveira, J.S. de | |
| 100 | 1 | _aAraujo, J.G.F. de | |
| 100 | 1 | _aBraga, G.M. | |
| 245 | 1 | _aImpacto ambiental e administracao de problemas toxicologicos na utilizacao de inseticidas agricolas | |
| 650 | _aTomate | ||
| 650 | _aPoluicao | ||
| 650 | _aToxicologia de Alimento | ||
| 650 | _aSubstancia Toxica | ||
| 650 | _aAgrotoxico | ||
| 650 | _aMeio Ambiente | ||
| 650 | _aMinas Gerais | ||
| 773 | 0 |
_tCadernos de Administracao Rural (Brazil) _xISSN 0103-412X _g(Jan-Jun 1996), v. 8(1) p. 23-33 _wBR9703146 |
|
| 909 |
_a202311 _bLúcia _c55 _dLúcia Elande |
||
| 942 |
_2AGRIS _n0 _cANA |
||
| 999 |
_c155171 _d155171 |
||